জনতার চোখে আওয়ামী লীগ / (Record no. 27550)

MARC details
000 -LEADER
fixed length control field 00723nam a22001817a 4500
003 - CONTROL NUMBER IDENTIFIER
control field BDDh-ASL
005 - DATE AND TIME OF LATEST TRANSACTION
control field 20231015030759.0
008 - FIXED-LENGTH DATA ELEMENTS--GENERAL INFORMATION
fixed length control field 211104s2008 b ||||| |||| 00| 0 b d
040 ## - CATALOGING SOURCE
Original cataloging agency BDDh-ASL
Transcribing agency BDDh-ASL
082 ## - DEWEY DECIMAL CLASSIFICATION NUMBER
Classification number 324.2549
Item number RAJ
100 1# - MAIN ENTRY--PERSONAL NAME
9 (RLIN) 5731
Personal name রায়, সুভাষ সিংহ
245 10 - TITLE STATEMENT
Title জনতার চোখে আওয়ামী লীগ /
246 ## - VARYING FORM OF TITLE
Title proper/short title Jonotar Chokhe Awami League (A collection of Political Essayes) by Suvas Singho Roy.
260 ## - PUBLICATION, DISTRIBUTION, ETC.
Place of publication, distribution, etc. ঢাকা :
Name of publisher, distributor, etc. পারিজাত প্রকাশনী,
Date of publication, distribution, etc. 2008.
300 ## - PHYSICAL DESCRIPTION
Extent 87 p. :
Dimensions 22 cm.
650 #0 - SUBJECT ADDED ENTRY--TOPICAL TERM
9 (RLIN) 1774
Topical term or geographic name entry element বাংলাদেশ আওয়ামী লীগ (Bangladesh Awami League)
942 ## - ADDED ENTRY ELEMENTS (KOHA)
Source of classification or shelving scheme Dewey Decimal Classification
Koha item type Books
Holdings
Withdrawn status Lost status Source of classification or shelving scheme Damaged status Not for loan Collection code Home library Current library Shelving location Date acquired Source of acquisition Total Checkouts Full call number Barcode Date last seen Copy number Price effective from Koha item type
    Dewey Decimal Classification     Non-fiction Asiatic Society Library Asiatic Society Library General Stacks 11/04/2021 Complimentary   324.2549 RAJ 113672 11/04/2021 C-1 11/04/2021 Books

Powered by Koha